000 00363 a2200157 4500
001 152766
040 _cEscola São Tomás de Aquino
100 _aANDRADE, Tiago de Melo
240 1 0 _aNo bucho da serpente
_lpor
245 1 0 _aNo bucho da serpente
300 _a93
362 0 _a2012
440 1 _aFTD
697 _a*LITERATURA INFANTO JUVENIL
942 _cBK
999 _c152766
_d152766